| 000 | 00819nam a22001577a 4500 | ||
|---|---|---|---|
| 999 |
_c38545 _d38545 |
||
| 082 | _aRL.0056 | ||
| 100 |
_aLaxman, Rajnalkar _uDepartment of Commerce, Gulbarga University _vKalaburagi, Karnataka |
||
| 245 |
_aImpact of Corporate Governance on Organizational Performance: _ba study with reference to selected private and public sector undertaking in India/ _cRajnalkar Laxman |
||
| 260 |
_aKalaburagi, Karnataka: _bIndian Council of Social Science Research, _c2014. |
||
| 300 | _a317p. | ||
| 500 | _aIncluded Bibliographical References and Appendices | ||
| 536 | _aIndian Council of Social Science Research | ||
| 650 |
_aGovernance, Corporate _vCorporate internal investigations _xIndustrial management _zIndia |
||
| 650 |
_aPrivate-public sector _vBuild-operate-transfer (Public contracts) _xCooperation |
||
| 942 |
_2ddc _cRP |
||